000 00671nam a22001817a 4500
999 _c18124
_d18124
003 AR-CdUCM
008 190511b ||||| |||| 00| 0 spa d
040 _aMUNICIPALIDAD PROVINCIAL DEL CUSCO
_cBIBLIOTECA MUNICIPAL DEL CUSCO
082 _a610.7 /
_bR84
100 _aRosinski, Edwin.
_938528
245 _aEl auxiliar médico :
_bProgramas de entrenamiento /
260 _aMéxico :
_bAID,
_c1965.
300 _a270 páginas ;
_c21 cm.
505 _aContenido : Antecedentes del estudio y escuelas de medicina que se incluyen -- Cursos de estudio -- Métodos de enseñanza ...
650 _aMedicina general.
_921670
942 _2ddc
_cLIBROS
945 _arum
_d2019-05-11